000 00541nam a2200181Ia 4500
008 151018s9999 xx 000 0 und d
082 _bRBASDV49825
_a891.433
100 _aउषा यादव
245 _aअमावस कि रात
250 _b1
260 _bकिताबघर प्रकाशन
_c2007
300 _a270
600 _aउषा यादव
630 _aअमावस कि रात
700 _aउषा यादव
730 _aअमावस कि रात
942 _cBOOK
999 _c1048823
_d1048820